|
|
|
|
| LEADER |
01361nam a2200361 a 4500 |
| 001 |
EBC1181036 |
| 003 |
MiAaPQ |
| 005 |
20200520144314.0 |
| 006 |
m o d | |
| 007 |
cr cn||||||||| |
| 008 |
130516t20131905enkao s 001 0 eng d |
| 020 |
|
|
|z 9780415818001
|
| 020 |
|
|
|z 9780203582466
|
| 035 |
|
|
|a (MiAaPQ)EBC1181036
|
| 035 |
|
|
|a (Au-PeEL)EBL1181036
|
| 035 |
|
|
|a (CaPaEBR)ebr10691795
|
| 035 |
|
|
|a (CaONFJC)MIL485208
|
| 035 |
|
|
|a (OCoLC)842411973
|
| 040 |
|
|
|a MiAaPQ
|c MiAaPQ
|d MiAaPQ
|
| 050 |
|
4 |
|a HF5823
|b .M673 2013
|
| 082 |
0 |
4 |
|a 659.1
|2 23
|
| 100 |
1 |
|
|a Moran, Clarence.
|
| 245 |
1 |
4 |
|a The business of advertising
|h [electronic resource]
|c Clarence Moran.
|
| 260 |
|
|
|a London ;
|a New York :
|b Routledge,
|c 2013, c1905.
|
| 300 |
|
|
|a 1 online resource (x, 190 p.) :
|b ill., photographs.
|
| 490 |
0 |
|
|a Routledge Library Editions: Advertising ;
|v Volume 10
|
| 500 |
|
|
|a Includes index.
|
| 533 |
|
|
|a Electronic reproduction. Ann Arbor, MI : ProQuest, 2015. Available via World Wide Web. Access may be limited to ProQuest affiliated libraries.
|
| 588 |
|
|
|a Description based on online resource; title from title page (ebrary, viewed May 16, 2013).
|
| 650 |
|
0 |
|a Advertising.
|
| 655 |
|
4 |
|a Electronic books.
|
| 710 |
2 |
|
|a ProQuest (Firm)
|
| 856 |
4 |
0 |
|u https://ebookcentral.proquest.com/lib/matrademy/detail.action?docID=1181036
|z Click to View
|